| 000 | 00392nam a22001451a 4500 | ||
|---|---|---|---|
| 020 | _a9788171600687 | ||
| 082 |
_a423.91439 _bABD/S |
||
| 245 |
_aThe standard english urdu dictionary/ _cby Abdul Haq (ed.) |
||
| 260 |
_aNew Delhi _bAnjuman _c1995 |
||
| 300 | _a1513p. | ||
| 650 |
_aLanguage English Urdu _988428 |
||
| 650 |
_aLanguage _988429 |
||
| 700 |
_aAbdul Haq (ed.) _988430 |
||
| 942 | _cREF | ||
| 999 |
_c44042 _d44042 |
||